[Event "Airthings Masters Prelim"]
[Site "Online"]
[Date "2022.02.22"]
[Round "13"]
[White "Ding, Liren"]
[Black "Esipenko, Andrey"]
[Result "0-1"]
[WhiteElo "2799"]
[BlackElo "2714"]
[EventDate "2022.02.19"]
[Annotator "yermo"]
[PlyCount "118"]
[Beauty "6461534781502"]
[EventType "game"]

1.c4 e5 2.Nc3 Nf6 3.Nf3 Nc6 4.e4 {Quite popular these days.} 4...Bb4 5.d3 a6 {Black intends to keep his dark squared bishop.} ( {A more common line,} 5...d6 6.a3 Bc5 7.b4 Bb6 8.Na4 Bg4 9.Nxb6 axb6 10.Bb2 {led to a sensational win for White in Abdusattorov-Carlsen, World Rapid 2021} ) 6.Be2 d6 7.h3 Bc5 8.O-O O-O 9.Be3 Nd4 ( {The problem with} 9...Bxe3 10.fxe3 {is that White will have the half-open f-file to operate on (Qe1, Nh4 etc.) while Black is lacking a plan.} ) 10.Qd2 h6 11.Bd1 Nh7 12.Bxd4 {Parting with the dark suared bishop while the light squared one has no obvious prospects may seem illogical, but Ding intended to hit the d4-pawn.} 12...exd4 $5 {Very principled again. It's nice to see young players of today not backing out of big strategic battles.} ( 12...Bxd4 13.Nxd4 exd4 14.Ne2 c5 15.b4 b6 16.Ng3 {is nice for White, who has prospects on both sides of the board.} ) 13.Ne2 Qf6 14.Ng3 ( {It's hard to tell what made Ding reject the obvious} 14.b4 ) 14...b5 15.Rc1 ( {Same story here:} 15.b4 Ba7 16.Bb3 {looked natural.} ) 15...bxc4 16.Rxc4 Be6 17.e5 {Ding decided to secure a pawn majority on the queenside.} ( {On} 17.Rc1 {Black had} 17...a5 ) 17...Qe7 18.exd6 cxd6 19.Ra4 Bd7 20.Re1 Qd8 21.Rc4 a5 $1 {It's amazing how Black manages to stay afloat with the help of little tactics.} 22.a3 Be6 23.Rc2 Nf6 24.b4 axb4 25.axb4 {So, White got his poassed pawn going, but it's hardly a very important factor in the middlegame.} 25...Bb6 26.Ne4 Nxe4 ( {I'd prefer to keep the pawn structure the way it is. After} 26...Ra3 27.Nxf6+ Qxf6 28.Rc6 Qd8 {Black plans to hit the d3-pawn, while White is still looking for ways of making his Bd1 fully employed.} ) 27.dxe4 {The d4-pawn is a target.} 27...Qf6 28.Rc6 Ra2 29.Qd3 Qd8 30.Bb3 ( {but the immediate} 30.Nxd4 $2 {runs into} 30...Qf6 {hitting f2. I can imagine how difficult it is to keep any kind of degree of control when facing such inventive defensive play.} ) 30...Ra3 31.Rb1 Qb8 32.Qb5 {It seemed that Ding had finally been able to solve the riddle, but at the cost of taking alot of time off his clock.} 32...Bxb3 33.Rxb6 Qa8 34.Re1 {It's not clear to me why that rook had to abandon the b-file, where it was supporting the pawn.} ( 34.Qc6 Qa7 35.b5 Bc2 {must have been the reason for that.} ) 34...Bc2 35.Nxd4 Bxe4 {The bishop managed to find its way around to capture an important pawn. The game remains roughly balanced.} 36.f3 Ra1 37.Qf1 Rxe1 38.Qxe1 Qd8 39.Ra6 Bb7 40.Ra3 Qb6 41.Qe3 Bc8 42.Nc2 Qb8 $1 {Esipenko wisely avoids a queen trade to make life difficult for his opponent.} 43.Qd4 Be6 44.Ne3 Rc8 45.Ra6 Rc1+ 46.Kf2 d5 47.f4 $2 {A big error. Ding wanted to cover the dark squares, but his king becomes too exposed.} ( {Perhaps, more practical was to take a draw after} 47.Nxd5 Bxd5 48.Qxd5 Rc2+ 49.Kg1 Rc1+ 50.Kf2 {but Ding needed a win to improve his chances of qualification.} ) 47...Rb1 48.Rb6 Qc7 49.b5 Qc1 50.Rb8+ $2 ( {Only the clever move} 50.Qd3 $1 {could help White to maintain the balance. It would make f7-f5 impossible, and that's the key.} ) 50...Kh7 51.Qd3+ f5 52.Kf3 d4 $1 {The classic central pawn push decides the game in favor of Black.} 53.Qxd4 ( 53.Nxf5 Rb3 ) 53...Rb3 54.Kf2 ( {Or} 54.Re8 Qf1+ 55.Kg3 Qe1+ 56.Kf3 Rxe3+ 57.Qxe3 Bd5+ ) 54...Rb2+ 55.Kf3 Rd2 $1 56.Qe5 Qe1 57.Nxf5 Qf2+ 58.Kg4 Qxg2+ 59.Kh4 g5+ 0-1

[Event "Airthings Masters Prelim"]
[Site "chess24.com INT"]
[Date "2022.02.19"]
[Round "3.5"]
[White "Keymer, Vincent"]
[Black "Aronian, Levon"]
[Result "1/2-1/2"]
[WhiteElo "2664"]
[BlackElo "2772"]
[EventDate "2022.02.19"]
[Annotator "yermo"]
[PlyCount "147"]
[Beauty "4536425056264"]
[EventType "team-tourn"]

1.Nf3 d5 2.g3 c5 3.Bg2 Nc6 4.d4 Nf6 5.O-O e6 6.c4 dxc4 7.dxc5 Qxd1 8.Rxd1 Bxc5 9.Nbd2 b5 $5 {It's a real treat to watch Levon Aronian play these days. Since he opened a new chapter of his life by relocating to the U.S. and settling down in St. Louis, it seems his game has soared to new heights.} ( 9...c3 {is considered more reliable but rather boring.} ) 10.a4 Ba6 11.Ng5 $5 ( {Clearly, Black was inviting} 11.Ne5 Nxe5 12.Bxa8 ( 12.axb5 Rd8 13.Rxa6 O-O {leaves White awkwardly pinned on the d-file.} ) 12...b4 13.Ne4 Nxe4 14.Bxe4 Ke7 {Only practice can tell if he has enough for the exchange here.} ) 11...Nd5 12.Nde4 Bb4 13.Nc3 $1 {Well-played by GM Vincent Keymer. Did he analyze this line with his esteemed coach, GM Peter Leko $2} 13...Bxc3 14.bxc3 b4 15.Ne4 $1 {Another strong move.} ( {White eschews the obvious} 15.Bxd5 exd5 16.Rxd5 {where the timely} 16...O-O 17.Rc5 Rfd8 $1 {may help Black equalize the chances.} ) 15...O-O 16.Nc5 Bc8 17.cxb4 Ncxb4 18.Ba3 Nc2 19.Ra2 Nxa3 20.Rxa3 Rb8 21.e4 Nf6 22.Rc3 {White has emerged with some advantage. The position of Nc5 vs. Bc8 is telling.} 22...Rb4 23.Bf1 e5 24.f3 h5 25.Bxc4 Bh3 26.Nd3 {Perhaps, a critical point.} 26...Rd8 {Aronian went for a tactical move,} ( {Keeping four rooks on the board made sense in view of the open 2nd rank near the white king. A sample line,} 26...Rxa4 27.Nxe5 Be6 28.Bxe6 fxe6 29.Rc6 Ra2 30.Rxe6 Rb8 {illustrates th point.} ) 27.Rcc1 Rxa4 28.Nxe5 Rxd1+ 29.Rxd1 Be6 30.Bxe6 fxe6 31.Rd8+ Kh7 32.h4 $1 {A different picture now. The white king has room to roam, while his black counterpart is dangerously boxed in.} 32...Ra5 33.Nd3 Ra3 ( {It's hard to tell if} 33...e5 {was a better choice.} ) 34.Kf2 Nd5 {More tactical trickery from Levon, but the young Vincent stays the course.} 35.Nc5 Ra2+ 36.Ke1 Ra1+ 37.Kd2 Ra2+ 38.Kc1 Ne3 39.Nxe6 Rc2+ 40.Kb1 Rc6 41.Nf8+ $5 ( {Keymer must have rejected} 41.Ng5+ Kg6 42.f4 a5 43.Rf8 {on account of} 43...Rf6 44.f5+ Nxf5 45.exf5+ Kxf5 {where, indeed, White's task of preserving his pawns is not easy.} ) 41...Kh6 42.e5 Rb6+ 43.Ka2 Nf5 44.g4 $1 hxg4 45.fxg4 Nxh4 46.e6 Ng6 47.Rd5 $3 {Such elegant play, with only seconds left on the clock, deserved a victory.} 47...Ra6+ 48.Kb3 Rb6+ 49.Ka4 Nf4 ( 49...Nxf8 50.e7 {queens the pawn.} ) 50.e7 Rb4+ $1 51.Ka3 Re4 52.Rd4 $4 {Oh, what a shame.} ( 52.Rd6+ Kg5 53.Ne6+ {would be a fitting finish to an excellent game.} ) 52...Re3+ 53.Ka4 Kg5 {The win is gone, and now White has to be careful not to lose.} 54.Rd7 Kf6 55.Nh7+ Kg6 56.Nf8+ Kf7 57.Rxa7 Rxe7 58.Rxe7+ Kxe7 59.Nh7 Ne6 60.Kb4 Kf7 61.g5 Kg6 62.Nf6 Kxg5 63.Ne8 g6 64.Kc3 Kf4 65.Nf6 Kf3 66.Kd2 g5 67.Ke1 Nd4 68.Kf1 Nc6 69.Kg1 Ne5 70.Nh7 g4 71.Nf6 g3 72.Nh5 g2 73.Nf4 Kxf4 74.Kxg2 1/2-1/2

[Event "Airthings Masters Prelim"]
[Site "chess24.com INT"]
[Date "2022.02.20"]
[Round "8"]
[White "Carlsen, Magnus"]
[Black "Praggnanandhaa, R."]
[Result "0-1"]
[WhiteElo "2865"]
[BlackElo "2612"]
[EventDate "2022.02.19"]
[Annotator "yermo"]
[PlyCount "78"]
[Beauty "7699823596554"]
[EventType "team-tourn"]

1.d4 Nf6 2.c4 e6 3.Nf3 d5 4.Nc3 c5 5.e3 Nc6 6.cxd5 exd5 7.Bb5 cxd4 8.exd4 {This capture would be unthinkable for many players of the past, but Magnus Carlsen made his skills in symmetrical position into a great success.} 8...Bd6 9.O-O O-O 10.h3 ( 10.Bg5 Bg4 $1 {is Black's method of defense, first discovered by the late GM Lembit Oll and recently used by GM Vishy Anand.} ) 10...h6 {No pins anymore. What's next $2} 11.Re1 Bf5 12.Ne5 Rc8 13.Bf4 Re8 14.Rc1 Qb6 15.Bxc6 {Magnus likes to get his hands on a structural weakness, but there are too many pieces left on the board for White to be comfortable with his plan of pressure on the c-file.} 15...bxc6 16.Na4 ( {Interesting was} 16.Qd2 Bb4 17.Bxh6 {but Black can counter with} 17...Ne4 $1 18.Qf4 Qxd4 {Who is better here and why $2} ) 16...Qa6 17.Re3 ( {I'll hazard a guess that} 17.Nc5 Bxc5 18.Rxc5 Qxa2 19.Qa1 {would be more up Carlsen's alley.} ) 17...Ne4 18.f3 Ng5 19.Rec3 Qb7 20.Bh2 Ne6 $1 {White has already passed the point of no return. His d4-pawn is weak.} 21.Nxc6 {At least, Carlsen's play is consistent.} 21...Nf4 ( {Stronger was} 21...Bxh2+ 22.Kxh2 Nf4 {and the coming invasion to e2, either by the rook or knight would put White on the brink.} ) 22.Ne5 $1 {Now White is more or less OK.} 22...Bxe5 23.dxe5 Nd3 24.Rxc8 Rxc8 25.Rxc8+ Qxc8 26.Bg3 d4 $1 {Still, he gets very little joy out of his extra pawn. That stray Na4 represents a particular problem for White.} 27.b3 Qc6 28.Qd2 Kh7 29.Kh2 ( 29.Nb2 Qc3 30.Qxc3 dxc3 31.Nxd3 Bxd3 32.Be1 c2 33.Bd2 {is not really a winning attempt, and Carlsen wanted more than a draw.} ) 29...Bg6 30.Qa5 Qc1 31.Qxa7 {Magnus won the second pawn, but at the cost of allowing a dangerous infiltration by the black queen.} 31...Qe3 32.Nc3 $2 {Cute, but wrong.} ( 32.Qa5 Nc1 33.Qe1 Ne2 {is about equal.} ) 32...Nf4 33.Nd1 {Oh, that poor knight.} ( {Surprisingly,} 33.Ne4 Bxe4 34.fxe4 Ne2 {traps the white bishop and ends the game right there.} ) 33...Qd2 34.Nf2 Ne2 35.h4 Qe1 $1 {Black's attack cannot be denied.} 36.Qd7 ( 36.Qe7 Bf5 {threatening mate on g1.} ) 36...Nxg3 37.Qxd4 ( {Now White loses his queen in case of} 37.Kxg3 Qxe5+ 38.Kh3 Bf5+ ) 37...Nf1+ 38.Kh3 Ne3 39.Qb2 Bc2 $1 {What a finish. A great game by the 16 year-old talent from India.} 0-1

[Event "E Chess Grand Prix 2 2022 | Knockout"]
[Site "Chess.com"]
[Date "2022.03.09"]
[Round "1"]
[White "Giri, Anish"]
[Black "Andreikin, Dmitry"]
[Result "1/2-1/2"]
[WhiteElo "2771"]
[BlackElo "2724"]
[EventDate "2022.??.??"]
[Annotator "Bojkov,Dejan"]
[PlyCount "65"]
[Beauty "6529692478503"]
[EventType "team-tourn"]
[EventCountry "FID"]

1.e4 c5 2.Nf3 e6 3.b3 {A nice side-line to avoid the heavy theory.} 3...b6 {This is considered to be one of the most plausible replies for Black. The reason: White does not seem to have a convenient way to defend his e4-pawn after the coming Bc8-b7 development.} ( {Another direction is} 3...Nc6 4.Bb2 a6 5.d4 cxd4 6.Nxd4 Qa5+ 7.Nd2 Nf6 8.Nxc6 dxc6 9.Bd3 Bb4 10.Ke2 {Carlsen, M (2847)-Duda,J (2738) Chess24.com INT 2021} ) 4.Bb2 Bb7 5.Nc3 {More or less forced, but now the knight blocks his own bishop.} 5...Nf6 ( {Giri certainly was aware of the following game:} 5...Nc6 6.g3 d6 7.Bg2 Nf6 8.O-O Be7 9.e5 dxe5 10.Nxe5 Qc8 11.f4 {Onischuk,V (2622)-Andreikin,D (2724) Chess.com INT 2021} ) 6.e5 Ne4 ( 6...Nd5 {is more common.} ) 7.Nxe4 Bxe4 8.Qe2 Bb7 {Andreikin achieved what he wanted: he locked the long diagonal, but at the expense of a few tempi. Giri's next move is a novelty.} 9.h4 $146 {An idea borrowed from the French defense. Even though the black pawn is on the d7 rather than the d5-square, the kingside attack plan remains White's primary idea.} ( {The predecessor witnessed some interesting maneuvers:} 9.Qe3 Nc6 10.Bd3 Nb4 11.Be4 Be7 12.O-O Nd5 13.Qe1 Qc7 14.c4 Nf4 15.Qe3 g5 {Meszaros,T (2438)-Gara,A (2326) Zalakaros 2014} ) 9...Nc6 10.h5 $1 {Postponing castling for the time being. That is the most unpleasant strategy for Black, who seems to lack many useful moves.} ( 10.O-O-O Qc7 11.d4 {was the other way to play it, but White wants to strengthen his pieces before opening the game.} ) 10...Nb4 11.d3 b5 {All of this seems logical as Black needs to do something on the opposite wing, but this pawn may turn itself into a weakness.} ( {The bishop swap} 11...Bxf3 12.gxf3 Nc6 13.f4 Nd4 14.Qd1 Be7 15.Bg2 {promises White long-term pressure on the light squares.} ) ( {On the other hand, it made sense to accomplish the development with} 11...Be7 {and wait for White to show his cards, for example} 12.Rh3 ( {If} 12.a3 {then} 12...Bxf3 13.gxf3 Nc6 14.f4 Nd4 {and the extra tempo matters.} ) 12...O-O 13.a3 Bxf3 14.Rxf3 Nc6 {White seems better here as well, but not as much as in the game.} ) 12.a3 Nc6 {Finally abandoning the idea of a bishop swap.} ( {As before} 12...Bxf3 13.gxf3 Nc6 14.f4 {favors White.} ) 13.Qd2 {An accurate move.} ( 13.Rh3 {allows an unpleasant check} 13...Qa5+ ) 13...Rc8 {Black is getting ready to meet long castling.} ( {It is more and more evident that Andreikin will have difficulties freeing himself. For instance} 13...d6 14.exd6 Qxd6 {can be met with either} 15.d4 $1 ( {Or} 15.a4 $1 ) ) 14.Rh3 $1 {Once again, the nastiest way to play it. The rook would be working perfectly along the third rank.} ( 14.O-O-O Nd4 {is what Black's last move was all about.} ) 14...Qc7 15.O-O-O {The time had come.} ( {There were no more useful preparatory moves as} 15.Rg3 {is parried with} 15...Ne7 16.Nh4 Nc6 ) 15...Na5 {A difficult decision to make.} ( 15...Nd4 {looked like the logical way to play it, but apparently Black figured out that his d4-pawn might be lost in the long run after something like} 16.Nxd4 cxd4 17.Re1 Be7 18.Kb1 O-O ) 16.Ng5 {The knight is heading to the e4-outpost and then might land very, very close to the enemy king.} ( 16.Kb1 $5 ) 16...Be7 {At last, the kingside is moving, but this might be a bit too late.} ( {It is hard to help Black with good advice though. The line} 16...h6 17.Ne4 Bxe4 18.dxe4 c4 19.Kb1 {clearly favors White.} ) 17.Rg3 {The black kingside is on the verge of collapse.} 17...c4 {Last chance. Andreikin needs to muddy up the waters.} 18.dxc4 bxc4 19.b4 $1 h6 ( {Or else White completely dominates after} 19...Nc6 20.Ne4 $1 ) 20.Nxf7 {Giri went for the most tempting line.} ( {A pity for the Dutchman, as the simple retreat,} 20.Nh3 $1 {would have been more or less decisive. The white knight does not make it (yet) to the e4-square, but as a consolation White would win at least a pawn in the line} 20...Nc6 21.Bxc4 {Now any discovered attacks would backfire, for instance} ( 21.Rxg7 Nxe5 {is not as clear.} ) 21...Nxb4 22.axb4 Qxc4 23.Qxd7+ Kf8 24.Rc3 $1 {Which means that once the c4-pawn is captured White has not just an extra pawn but better pieces, and a safer king.} ) 20...Kxf7 21.bxa5 {Obvious, and not optimal.} ( {The other capture would have preserved some edge for White after} 21.Qxd7 $1 Qxd7 ( {No time to save the knight} 21...Nc6 22.Rf3+ Kg8 23.Qxe6+ Kh7 24.Qg6+ Kg8 25.Bxc4# ) 22.Rxd7 Rhd8 23.Rxe7+ Kxe7 24.bxa5 Kf7 25.Bc3 $1 {two pawns for an exchange should make White happy, especially thanks to his solid grip on the position.} ) 21...Bd5 22.Qf4+ Kg8 {The king looks safer here, but it blocks the rook from entering the battle.} ( {It is very messy after} 22...Ke8 23.Rxg7 Rf8 24.Rxe7+ $1 ( {But not} 24.Qxh6 {when White should look for a draw with} 24...c3 25.Rxe7+ Kxe7 26.Qg5+ Ke8 27.Bd3 cxb2+ 28.Kb1 Rf5 29.Qg8+ Ke7 30.Qg7+ $11 ) 24...Kxe7 25.Qh4+ Ke8 26.Bc3 $1 ) 23.Rxd5 {A nice concept $1} ( {But still, objectively better would have been} 23.Qg4 $1 Rh7 24.Be2 Rb8 25.Bc3 Bxa3+ 26.Kd2 {and with the black rook stuck on -h7 indefinitely, White's chances should be higher.} ) 23...Bg5 $1 {The only move.} ( {Or else Black is mated after} 23...exd5 24.Rxg7+ Kxg7 25.e6+ ) 24.Rxg5 hxg5 25.Qd4 ( {A better version of the sacrifice seems to be} 25.Qxc4 Qxc4 26.Bxc4 exd5 27.Bxd5+ Kh7 28.Bd4 Rc7 {with three pawns for the two exchanges. Wow $1} ) 25...exd5 26.Qxd5+ Kf8 {Andreikin believes that his king is safe enough and leaves the h-file open for his rook.} ( {The other retreat} 26...Kh7 {leads to a similar situation as in the game, but with the queens on the board, which might have worried the Russian player, say after} 27.e6 Qf4+ 28.Kb1 Rb8 29.Bxc4 Rxb2+ 30.Kxb2 Rb8+ 31.Ka2 Qf6 32.Qe4+ Kh6 33.Bb3 dxe6 34.g4 {and it is unclear $1} ) 27.Bd4 {A highly unusual situation arose at the top-GM level. Andreikin is two exchanges ahead, but the bishops are often no worse than the major pieces in open positions. Add to that the two pawns that White possesses and the clock situation (both players down to 2-3 minutes on the clocks) and you can get a vague idea of the complexity of the situation.} ( 27.Bc3 {would have been met with} 27...Qc6 ) 27...Qc6 $1 {The most practical solution. There will hardly be any mate.} 28.Qxc6 Rxc6 29.Be2 {Not letting the rook out.} ( {Although} 29.Bxa7 Rxh5 30.Be2 Rh4 {is playable too.} ) 29...a6 30.Kd2 Ke7 31.Kc3 Rb8 32.a4 $1 {In these positions, the side that owes the minor pieces should be always considering the exchange counter-sacrifices.} ( {Here, for instance, the obvious} 32.Bb6 $1 {would have allowed} 32...Rcxb6 33.axb6 Rxb6 34.Bxc4 a5 35.Bd3 Rb1 {when Black gets serious chances to at least torture his opponent for very, very long.} ) 32...Rb1 33.Bf3 {PLAY CHESS, NOT WAR.} ( {Giri decided to check what his opponent is playing for, and Andreikin declared he is happy with the draw. Indeed, the position is approximately balanced and a computer-generated drawing line could have been} 33.Bf3 Rc8 34.Bb6 Ra1 35.Bb7 Rb8 36.Bc5+ Ke6 37.Bxa6 Rxa4 38.Bd6 Ra8 39.Bxc4+ Rxc4+ 40.Kxc4 Rxa5 ) 1/2-1/2